Responses for Show #7720 - Friday, March 16, 2018

Contestants

[<< previous game]

Rahul Gupta, a data engineer from Midlothian, Virginia

Dan Lee, a math professor from New York, New York

Peter Karamitsos, a software salesman from Elmhurst, Illinois (whose 2-day cash winnings total $51,000)

[next game >>]

Jeopardy! Round responses

COMPOSERS' COUNTRY OF BIRTH
(Alex: We're talking about the present-day country.)
A SECOND SCREEN EXPERIENCE
FRUITS & VEGETABLES
BOOK TALK
THAT WORD NEEDS PLURALIZATION
THE FABERGÉ MUSEUM
(Sarah of the Clue Crew: Febergé--from the St. Petersburg Museum. The craftsmanship and excess of a bygone time.)
    $200 1
Austria

Peter
    $200 15
The Dark Knight

Rahul
    $200 23
prunes

Rahul
    $200 19
the gutter

Dan
    $200 21
phenomena

Rahul
    $200 30
(Peter: Who is Nicholas?)

Alexander

Peter
Triple Stumper
    $400 2
Norway

Rahul
    $400 14
Godfather Part II

Dan
    $400 22
(Dan: What is pepper?)

pineapple

Dan
Triple Stumper
    $400 5
bookmark

Dan
    $400 6
nuclei

Dan
    $400 25
the Romanovs

Peter
    $600 11
France

Rahul
    $600 13
Guardians of the Galaxy

Dan
    $600 3
okra

Rahul
    $600 10
a preface

Peter
    $600 7
brethren

Dan
    $600 24
the resurrection of Christ

Dan
    $800 26
(Rahul: What is Poland?)

England

Rahul
Triple Stumper
    $800 12
Wrath of Khan

Dan
    $800 16
squash

Rahul
    $2,000 20
(Alex: Dan?)
(Dan: What is an abridgement?)
(Alex: No, abridgement is not an adjective. But you were on the right track. What is an [*] version?)

abridged

Dan
    $800 4
passersby

Rahul
    $800 28
Nicholas II

Triple Stumper
    $1000 27
the United States

Triple Stumper
    $1000 18
(Rahul: What is Doc Ock? [*]?)

Doctor Octopus

Rahul
    $1000 9
a Bosc pear

Triple Stumper
    $1000 17
(Peter: What is a screenplay?)
(Dan: What is an adaptation?)

a novelization

PeterDanRahul
    $1000 8
seraphim

Rahul
    $1000 29
Art Nouveau

Triple Stumper

Scores at the first commercial break (after clue 15):

Peter Dan Rahul
$800 $3,200 $3,600

Scores at the end of the Jeopardy! Round:

Peter Dan Rahul
$0 $600 $6,000

Double Jeopardy! Round responses

AFTER THE VICE PRESIDENCY
TV TITLES
AFRICAN-AMERICAN LITERATURE
MOUNTAINS
ANY "PORT"
IN A STORM
    $400 22
Mondale

Rahul
    $400 9
Better Call Saul

Rahul
    $400 27
Alex Haley

Dan
    $400 1
the Alps

Rahul
    $400 23
(Alex: Less than a minute now.)

a porthole

Rahul
    $400 24
flash floods

Dan
    $800 20
Hubert H. Humphrey

Peter
    $800 3
Hell's Kitchen

Dan
    $800 11
Rio de Janeiro

Peter
    $800 6
porterhouse

Rahul
    $800 18
a tornado

Dan
    $1200 17
South Carolina

Rahul
    $1200 2
The Orville

Triple Stumper
    $1200 16
(Peter: Who is Martin Luther King?)

Malcolm X

PeterRahul
    $2,000 12
the Dead Sea

Peter
    $1200 5
portable

Dan
    $1200 19
a lightning field

Rahul
    $1600 21
George Dallas

Triple Stumper
    $1600 4
NCIS

Rahul
    $1600 15
Waiting to Exhale

Rahul
    $1600 13
the Berkshires

Peter
    $1600 10
the portal vein

Triple Stumper
    $4,800 7
(Alex: Rahul?)
(Rahul: What is Atlanta?)

Miami

Rahul
    $2000 8
Black Mirror

Dan
    $2000 28
[The end-of-round signal sounds.]

Octavia Butler

Triple Stumper
    $2000 14
Annapurna

Rahul
    $2000 25
(Rahul: What is portico?)

Portland cement

Rahul
Triple Stumper
    $2000 26
a nor'easter

Rahul

Scores at the end of the Double Jeopardy! Round:

Peter Dan Rahul
$4,000 $6,200 $12,400
(lock-tie game)

[wagering suggestions for these scores]

Final Jeopardy! Round responses

MYTHOLOGICAL BEASTS
(Alex: It was the guardian of a very famous place in mythology.)
PeterWho is the Minotaur?
$3,999
DanWho is the minotaur?
$6,200
RahulWho is the Sphinx?
$1
the hound of Hades (or Cerberus)

Final scores:

Peter Dan Rahul
$1 $0 $12,399
2nd place: $2,000 3rd place: $1,000 New champion: $12,399

Game dynamics:

Coryat scores:

Peter Dan Rahul
$3,200 $8,200 $17,200
7 R
(including 1 DD),
3 W
14 R,
3 W
(including 1 DD)
23 R,
3 W
(including 1 DD)

Combined Coryat: $28,600

[game clues] [game scores] [suggest correction]

Game tape date: 2017-12-12
The J! Archive is created by fans, for fans. Scraping, republication, monetization, and malicious use prohibited; this site may use cookies and collect identifying information. See terms. The Jeopardy! game show and all elements thereof, including but not limited to copyright and trademark thereto, are the property of Jeopardy Productions, Inc. and are protected under law. This website is not affiliated with, sponsored by, or operated by Jeopardy Productions, Inc. Join the discussion at JBoard.tv.